[Event "BCF-chT1b 0809 (4NCL)"]
[Site "England"]
[Date "2008.12.07"]
[Round "4.5"]
[White "Ledger, Dave J"]
[Black "Broomfield, Matthew"]
[Result "0-1"]
[WhiteElo "2254"]
[BlackElo "2344"]
[PlyCount "50"]
[EventDate "2008.10.04"]
[EventType "team-tourn"]
[EventRounds "7"]
[EventCountry "ENG"]
[SourceTitle "CBM 127 Extra"]
[Source "ChessBase"]
[SourceDate "2009.01.08"]
[SourceVersion "2"]
[SourceVersionDate "2009.01.28"]
[SourceQuality "1"]
[WhiteTeam "Betsson.com"]
[BlackTeam "Wood Green Hilsmark Kingfisher II"]
[WhiteTeamCountry "ENG"]
[BlackTeamCountry "ENG"]

1. e4 Nf6 2. e5 Nd5 3. d4 d6 4. Nf3 g6 5. Bc4 c6 6. 0-0 Bg7 7. Re1 0-0 8. Bb3 Bg4 9. h3 Bxf3 10. Qxf3 dxe5 11. dxe5 e6 12. Qg3 Nd7 13. Nd2 Qc7 14. Nf3 a5 15. Bg5 a4 16. Bxd5 cxd5 17. Rac1 Ra6 18. Be7 Rc8 19. Bd6 Qc4 20. b3 axb3 21. axb3 Qc3 22. Qh4 Nc5 23. b4 Ne4 24. Be7 h6 25. Rcd1 Rc4 0-1

[Event "BCF-chT 0708 (4NCL)"]
[Site "Sunningdale"]
[Date "2008.01.13"]
[Round "6.3"]
[White "Cherniaev, Alexander"]
[Black "Broomfield, Matthew"]
[Result "1-0"]
[WhiteElo "2491"]
[BlackElo "2349"]
[PlyCount "73"]
[EventDate "2007.09.15"]
[EventType "team-tourn"]
[EventRounds "11"]
[EventCountry "ENG"]
[SourceTitle "EXT 2008"]
[Source "ChessBase"]
[SourceDate "2007.11.25"]
[SourceVersion "1"]
[SourceVersionDate "2007.11.25"]
[SourceQuality "1"]
[WhiteTeam "Guildford II"]
[BlackTeam "Hilsmark Kingfisher"]
[WhiteTeamCountry "ENG"]
[BlackTeamCountry "ENG"]

1. e4 e6 2. d3 d5 3. Qe2 e5 4. Nf3 Nc6 5. c3 Nf6 6. b4 a6 7. a3 Be7 8. g3 0-0 9. Bg2 Be6 10. 0-0 dxe4 11. dxe4 Ne8 12. Rd1 Nd6 13. Nbd2 Qc8 14. c4 b5 15. cxb5 axb5 16. Bb2 f6 17. Rac1 Ra6 18. Rc2 Nb8 19. Rdc1 c6 20. Ne1 Rd8 21. f4 Nd7 22. Nef3 Nc4 23. Nxc4 Bxc4 24. Rxc4 bxc4 25. Qxc4+ Kh8 26. Bf1 Rb6 27. fxe5 fxe5 28. Bxe5 c5 29. b5 Rf8 30. Bf4 Rbf6 31. e5 Rg6 32. Kh1 Qa8 33. Bg2 Qxa3 34. e6 Nb6 35. Qe4 Qb3 36. Re1 Nd5 37. Nd2 1-0

[Event "Coulsdon Autumn-A"]
[Site "Coulsdon"]
[Date "2007.08.28"]
[Round "2"]
[White "McNab, Colin Anderson"]
[Black "Broomfield, Matthew"]
[Result "1/2-1/2"]
[WhiteElo "2416"]
[BlackElo "2362"]
[PlyCount "48"]
[EventDate "2007.08.26"]
[EventType "tourn"]
[EventRounds "9"]
[EventCountry "ENG"]
[EventCategory "4"]
[SourceTitle "CBM 120 Extra"]
[Source "ChessBase"]
[SourceDate "2007.11.01"]
[SourceVersion "1"]
[SourceVersionDate "2007.11.01"]
[SourceQuality "1"]

1. c4 Nf6 2. Nf3 b6 3. g3 Bb7 4. Bg2 e6 5. 0-0 c5 6. d3 Be7 7. e4 0-0 8. Nc3 d6 9. b3 Nc6 10. d4 cxd4 11. Nxd4 Nxd4 12. Qxd4 a6 13. Rd1 Qc7 14. Ba3 Rfd8 15. Na4 b5 16. Nb6 Rab8 17. cxb5 Bxe4 18. Bxe4 Qxb6 19. bxa6 Nxe4 20. Qxe4 Bf6 21. Rab1 Qxa6 22. Bb2 d5 23. Qf4 Bxb2 24. Rxb2 Rbc8 1/2-1/2

[Event "BCF-chT2 0607 (4NCL)"]
[Site "Sunningdale"]
[Date "2007.05.07"]
[Round "11.2"]
[White "Broomfield, Matthew"]
[Black "Pitcher, John"]
[Result "1-0"]
[WhiteElo "2348"]
[BlackElo "2192"]
[PlyCount "103"]
[EventDate "2006.09.16"]
[EventType "team-tourn"]
[EventRounds "11"]
[EventCountry "ENG"]
[SourceTitle "EXT 2008"]
[Source "ChessBase"]
[SourceDate "2007.11.25"]
[SourceVersion "1"]
[SourceVersionDate "2007.11.25"]
[SourceQuality "1"]
[WhiteTeam "Hilsmark Kingfisher II"]
[BlackTeam "Warwicks Select"]
[WhiteTeamCountry "ENG"]
[BlackTeamCountry "ENG"]

1. d4 d5 2. c4 c6 3. Nf3 Nf6 4. e3 a6 5. Bd3 Bg4 6. cxd5 cxd5 7. Qb3 Qc7 8. Nc3 Bxf3 9. gxf3 e6 10. Bd2 Nc6 11. Rc1 Be7 12. Na4 Nd7 13. f4 0-0 14. a3 Rac8 15. Qc2 h6 16. b4 b5 17. Nc5 Nxc5 18. dxc5 Bf6 19. a4 Rb8 20. axb5 axb5 21. 0-0 Rfe8 22. Rfe1 e5 23. fxe5 Nxe5 24. Be2 Nc4 25. Bc3 Be5 26. Bxe5 Rxe5 27. Rcd1 Qe7 28. Bf3 Qe6 29. Rd4 Qh3 30. Qe2 Qe6 31. Kh1 Kh8 32. Red1 Rd8 33. e4 Qf6 34. Rxd5 Rde8 35. Bg2 R5e7 36. h3 Qc3 37. Qe1 Qb2 38. c6 Qf6 39. Rxb5 Qxc6 40. Rc5 Qe6 41. Qc3 Nd6 42. f3 f6 43. Rcd5 Nf7 44. b5 Rc8 45. Qb4 Rb7 46. f4 Rcb8 47. Rc1 Qe8 48. Rcc5 Rb6 49. Bf1 Qe6 50. Kh2 g5 51. f5 Qe7 52. Rc8+ 1-0

[Event "Southend op"]
[Site "Southend"]
[Date "2007.04.09"]
[Round "7"]
[White "Broomfield, Matthew"]
[Black "Gregory, Stephen J"]
[Result "1-0"]
[WhiteElo "2348"]
[BlackElo "2139"]
[PlyCount "75"]
[EventDate "2007.04.06"]
[EventType "swiss"]
[EventRounds "7"]
[EventCountry "ENG"]
[SourceTitle "CBM 117 Extra"]
[Source "ChessBase"]
[SourceDate "2007.05.09"]
[SourceVersion "1"]
[SourceVersionDate "2007.05.09"]
[SourceQuality "1"]

1. d4 Nf6 2. c4 Nc6 3. Nf3 d6 4. Nc3 e5 5. d5 Ne7 6. g3 Ng6 7. Bg2 Be7 8. 0-0 0-0 9. e4 c6 10. Ne1 cxd5 11. cxd5 Bd7 12. h3 b5 13. Nd3 a5 14. Be3 Qb8 15. b4 Rc8 16. Qd2 Bd8 17. Rfc1 Bb6 18. Rab1 Ne8 19. bxa5 Bxa5 20. Nb4 Ne7 21. Bf1 Bb6 22. a4 Bxe3 23. Qxe3 Rc5 24. axb5 Qc8 25. Na6 Bxh3 26. Bxh3 Qxh3 27. Nxc5 dxc5 28. b6 Nf6 29. Qf3 Ng6 30. Qg2 Qd7 31. Nb5 h5 32. Rxc5 h4 33. Rc7 Qd8 34. b7 Rb8 35. Rbc1 Ne8 36. Rc8 Qg5 37. Rxb8 Qxc1+ 38. Qf1 1-0

[Event "Southend op"]
[Site "Southend"]
[Date "2007.04.07"]
[Round "4"]
[White "Lock, Gavin R"]
[Black "Broomfield, Matthew"]
[Result "0-1"]
[WhiteElo "2212"]
[BlackElo "2348"]
[PlyCount "64"]
[EventDate "2007.04.06"]
[EventType "swiss"]
[EventRounds "7"]
[EventCountry "ENG"]
[SourceTitle "CBM 117 Extra"]
[Source "ChessBase"]
[SourceDate "2007.05.09"]
[SourceVersion "1"]
[SourceVersionDate "2007.05.09"]
[SourceQuality "1"]

1. Nf3 Nf6 2. c4 b6 3. g3 Bb7 4. Bg2 c5 5. 0-0 e6 6. Nc3 Be7 7. Re1 a6 8. e4 d6 9. d4 cxd4 10. Nxd4 Qc7 11. Be3 Nbd7 12. f4 Rc8 13. Rc1 Qb8 14. b3 0-0 15. g4 Qa8 16. Bf2 g6 17. g5 Nh5 18. Qg4 Rc7 19. h4 Bd8 20. Nde2 Qc8 21. Qh3 Nc5 22. Rcd1 Be7 23. Qg4 Nd7 24. Qh3 b5 25. f5 bxc4 26. fxe6 Ne5 27. bxc4 fxe6 28. Nd4 Nf4 29. Qg3 Rxc4 30. Nce2 Nxg2 31. Kxg2 Bxe4+ 32. Kh2 Rxf2+ 0-1

[Event "Southend op"]
[Site "Southend"]
[Date "2007.04.06"]
[Round "1"]
[White "Broomfield, Matthew"]
[Black "Webster, Richard J"]
[Result "1-0"]
[WhiteElo "2348"]
[BlackElo "1984"]
[PlyCount "71"]
[EventDate "2007.04.06"]
[EventType "swiss"]
[EventRounds "7"]
[EventCountry "ENG"]
[SourceTitle "CBM 117 Extra"]
[Source "ChessBase"]
[SourceDate "2007.05.09"]
[SourceVersion "1"]
[SourceVersionDate "2007.05.09"]
[SourceQuality "1"]

1. d4 Nf6 2. c4 g6 3. Nc3 d5 4. Nf3 Bg7 5. cxd5 Nxd5 6. Qb3 Nxc3 7. bxc3 c5 8. e3 0-0 9. Be2 Qc7 10. 0-0 b6 11. Ba3 Nd7 12. d5 Nf6 13. Rad1 Rd8 14. c4 e6 15. Bb2 exd5 16. cxd5 Ne4 17. Bxg7 Kxg7 18. Qb2+ f6 19. Bd3 Nd6 20. e4 Nf7 21. Rc1 Re8 22. Rfe1 Bd7 23. Qc2 Qd8 24. a4 Re7 25. a5 Qe8 26. h3 Nd6 27. e5 fxe5 28. Nxe5 Bf5 29. Qc3 Kg8 30. Nc6 Rxe1+ 31. Rxe1 Qf8 32. Ne7+ Kf7 33. Bxf5 Nxf5 34. Nxf5 gxf5 35. Re6 Qg7 36. Re7+ 1-0

[Event "Coulsdon Autumn-A"]
[Site "Coulsdon"]
[Date "2006.08.31"]
[Round "6"]
[White "Berzinsh, Roland"]
[Black "Broomfield, Matthew"]
[Result "1-0"]
[WhiteElo "2445"]
[BlackElo "2325"]
[PlyCount "105"]
[EventDate "2006.08.28"]
[EventType "tourn"]
[EventRounds "9"]
[EventCountry "ENG"]
[EventCategory "3"]
[SourceTitle "CBM 114 Extra"]
[Source "ChessBase"]
[SourceDate "2006.11.03"]
[SourceVersion "1"]
[SourceVersionDate "2006.11.03"]
[SourceQuality "1"]

1. e4 e6 2. d4 d5 3. Nc3 Nf6 4. Bg5 dxe4 5. Nxe4 Be7 6. Bxf6 gxf6 7. Bc4 a6 8. Nf3 f5 9. Ng3 b5 10. Bb3 c5 11. c3 Bb7 12. Ne5 Nd7 13. Qe2 Nxe5 14. Qxe5 Bf6 15. Qe2 cxd4 16. Nxf5 d3 17. Qe3 Bxg2 18. Rg1 d2+ 19. Ke2 Bd5 20. Ng7+ Bxg7 21. Rxg7 Rc8 22. Rag1 Rf8 23. Qxd2 Bf3+ 24. Ke1 Qxd2+ 25. Kxd2 Be4 26. R7g4 Rd8+ 27. Ke3 Bf5 28. Rd4 Rxd4 29. Kxd4 Kd7 30. Kc5 Kc7 31. a4 Rb8 32. a5 Be4 33. Rg7 Bg6 34. f4 Kd7 35. f5 Rc8+ 36. Kd4 Bxf5 37. Rxf7+ Kd6 38. Rb7 Rc6 39. h4 h5 40. Ke3 Ke5 41. Rb6 Rxb6 42. axb6 Kd6 43. Bd1 Kc6 44. Bxh5 Kxb6 45. Kf4 Bh7 46. Bf7 Kc5 47. Ke5 b4 48. cxb4+ Kxb4 49. h5 Kb3 50. Bg6 Bg8 51. h6 Kxb2 52. Kf6 a5 53. Kg7 1-0

[Event "South Wales op 3rd"]
[Site "Caerleon"]
[Date "2006.07.09"]
[Round "2.9"]
[White "Broomfield, Matthew"]
[Black "Bennett, Patrick"]
[Result "1-0"]
[WhiteElo "2325"]
[BlackElo "2128"]
[PlyCount "77"]
[EventDate "2006.07.08"]
[EventType "swiss"]
[EventRounds "9"]
[EventCountry "WLS"]
[SourceTitle "CBM 113 Extra"]
[Source "ChessBase"]
[SourceDate "2006.09.14"]
[SourceVersion "1"]
[SourceVersionDate "2006.09.14"]
[SourceQuality "1"]

1. d4 Nf6 2. c4 g6 3. Nc3 Bg7 4. e4 d6 5. Nf3 0-0 6. Be2 e5 7. Be3 Ng4 8. Bg5 f6 9. Bh4 h5 10. h3 Nh6 11. dxe5 dxe5 12. Qxd8 Rxd8 13. Nd5 Na6 14. Nxf6+ Bxf6 15. Bxf6 Re8 16. Nxe5 Re6 17. Bg5 Rxe5 18. Bxh6 Rxe4 19. Be3 Nb4 20. Kd2 Be6 21. Kc3 Nc6 22. Bd3 Re5 23. Bf4 Rd8 24. Bxe5 Nxe5 25. Rad1 Rd6 26. b3 Nxd3 27. Rxd3 Rc6 28. a4 a6 29. Rd8+ Kf7 30. a5 b5 31. axb6 cxb6 32. Rhd1 Ke7 33. Kb4 Bc8 34. f3 Be6 35. Ra8 Bc8 36. g4 hxg4 37. fxg4 Rc5 38. Ra7+ Ke6 39. Rd5 1-0

[Event "South Wales op 3rd"]
[Site "Caerleon"]
[Date "2006.07.09"]
[Round "3.4"]
[White "Broomfield, Matthew"]
[Black "Radovanovic, Jovica"]
[Result "1/2-1/2"]
[WhiteElo "2325"]
[BlackElo "2366"]
[PlyCount "79"]
[EventDate "2006.07.08"]
[EventType "swiss"]
[EventRounds "9"]
[EventCountry "WLS"]
[SourceTitle "CBM 113 Extra"]
[Source "ChessBase"]
[SourceDate "2006.09.14"]
[SourceVersion "1"]
[SourceVersionDate "2006.09.14"]
[SourceQuality "1"]

1. d4 Nf6 2. c4 e6 3. g3 d5 4. Bg2 Be7 5. Nf3 0-0 6. 0-0 c6 7. Qc2 b6 8. Nbd2 Bb7 9. b3 Nbd7 10. Rd1 Rc8 11. e4 Ba8 12. Bb2 dxe4 13. Nxe4 Nxe4 14. Qxe4 Qc7 15. c5 Nf6 16. Qe2 Nd5 17. Rac1 Bb7 18. Re1 Rfd8 19. Ne5 Bf6 20. Be4 Bxe5 21. dxe5 Nb4 22. Bxh7+ Kxh7 23. Qe4+ Kg8 24. Qxb4 Rd5 25. Bd4 Qd7 26. Re4 Rd8 27. Be3 Rd1+ 28. Kg2 Ba6 29. h3 Bd3 30. Rxd1 Bxe4+ 31. Qxe4 Qxd1 32. cxb6 axb6 33. Qxc6 Qb1 34. Bxb6 Rd1 35. g4 Qxa2 36. Qe8+ Kh7 37. Qxf7 Qxb3 38. Qh5+ Kg8 39. Qe8+ Kh7 40. Qh5+ 1/2-1/2

[Event "BCF-chT3 0506 (4NCL)"]
[Site "Birmingham"]
[Date "2006.04.29"]
[Round "9.3"]
[White "Taylor, Robert Keith"]
[Black "Broomfield, Matthew"]
[Result "0-1"]
[WhiteElo "2130"]
[BlackElo "2303"]
[PlyCount "66"]
[EventDate "2005.10.22"]
[EventType "team-tourn"]
[EventRounds "11"]
[EventCountry "ENG"]
[SourceTitle "EXT 2007"]
[Source "ChessBase"]
[SourceDate "2006.11.23"]
[SourceVersion "1"]
[SourceVersionDate "2006.11.23"]
[SourceQuality "1"]
[WhiteTeam "Poisoned Pawns II"]
[BlackTeam "Hilsmark Kingfisher II"]
[WhiteTeamCountry "ENG"]
[BlackTeamCountry "ENG"]

1. e4 e6 2. d4 d5 3. Nc3 Nf6 4. Bg5 dxe4 5. Nxe4 Be7 6. Bxf6 gxf6 7. Bd3 f5 8. Ng3 b6 9. Nh5 Bb7 10. Nf3 Nd7 11. Qe2 Nf6 12. Nxf6+ Bxf6 13. 0-0-0 Qd5 14. Bc4 Qe4 15. Rd2 Qxe2 16. Rxe2 Bxf3 17. gxf3 Bxd4 18. c3 Bc5 19. Rg1 Ke7 20. Rg7 Kf6 21. Rg3 h5 22. Kd1 h4 23. Rh3 Rag8 24. Rd2 Rg2 25. Ke1 Bd6 26. Kf1 Rxh2 27. Rxh2 Bxh2 28. Kg2 Bf4 29. Rd1 h3+ 30. Kh1 Rg8 31. Bb5 Rg2 32. Rf1 Bd6 33. b4 Be5 0-1

[Event "BCF-chT4b 0405 (4NCL)"]
[Site "Telford"]
[Date "2005.04.16"]
[Round "7.1"]
[White "Lloyd, Alan D"]
[Black "Broomfield, Matthew"]
[Result "0-1"]
[WhiteElo "2140"]
[BlackElo "2288"]
[PlyCount "58"]
[EventDate "2004.11.06"]
[EventType "team-tourn"]
[EventRounds "11"]
[EventCountry "ENG"]
[SourceTitle "EXT 2006"]
[Source "ChessBase"]
[SourceDate "2005.11.24"]
[SourceVersion "1"]
[SourceVersionDate "2005.11.24"]
[SourceQuality "1"]
[WhiteTeam "Warwicks Select II"]
[BlackTeam "Hilsmark Kingfisher II"]
[WhiteTeamCountry "ENG"]
[BlackTeamCountry "ENG"]

1. c4 Nf6 2. Nc3 e6 3. e3 d5 4. Nf3 c5 5. cxd5 exd5 6. d4 Nc6 7. Be2 a6 8. 0-0 Bf5 9. a3 Rc8 10. Ne5 Qc7 11. g4 Be6 12. g5 Ne4 13. Nxc6 Qxc6 14. Nxe4 dxe4 15. f4 exf3 16. Bxf3 Qd7 17. d5 Bh3 18. Rf2 Bd6 19. Qd3 0-0 20. Bd2 Be5 21. Bc3 Rfe8 22. Kh1 Qe7 23. e4 Qxg5 24. Rg1 Qh4 25. Qd2 g6 26. Bxe5 Rxe5 27. Rg3 Rce8 28. d6 Bd7 29. Bg2 Rh5 0-1

[Event "Genova Ducale op"]
[Site "Genova"]
[Date "2004.07.08"]
[Round "6"]
[White "Broomfield, Matthew"]
[Black "Scacco, Mauro"]
[Result "1-0"]
[WhiteElo "2273"]
[BlackElo "2117"]
[PlyCount "65"]
[EventDate "2004.07.??"]
[EventType "swiss"]
[EventRounds "9"]
[EventCountry "ITA"]
[SourceTitle "EXT 2005"]
[Source "ChessBase"]
[SourceDate "2004.11.15"]
[SourceVersion "1"]
[SourceVersionDate "2004.11.15"]
[SourceQuality "1"]

1. e4 c5 2. Nf3 d6 3. d4 cxd4 4. Nxd4 Nf6 5. f3 e5 6. Nb3 Be7 7. c4 0-0 8. Be3 b5 9. cxb5 d5 10. exd5 Nxd5 11. Bf2 Bb4+ 12. N1d2 e4 13. fxe4 Re8 14. Be2 Nf4 15. 0-0 Qg5 16. Bg3 Nxe2+ 17. Qxe2 Bxd2 18. Nxd2 Bg4 19. Qf2 Be6 20. e5 Nd7 21. Ne4 Qg6 22. Nd6 Rf8 23. Qe3 Nb6 24. a4 Nd5 25. Qc5 Qg5 26. Ra3 h5 27. Qf2 Qg4 28. Rf3 f6 29. Bh4 g5 30. Bg3 h4 31. exf6 hxg3 32. Rxg3 Qh5 33. Qe1 1-0

[Event "BCF-ch"]
[Site "Edinburgh"]
[Date "2003.07.19"]
[Round "6"]
[White "Broomfield, Matthew"]
[Black "Gwaze, Robert"]
[Result "0-1"]
[WhiteElo "2249"]
[BlackElo "2335"]
[PlyCount "74"]
[EventDate "2003.07.14"]
[EventType "swiss"]
[EventRounds "11"]
[EventCountry "SCO"]
[SourceTitle "CBM 095 Extra"]
[Source "ChessBase"]
[SourceDate "2003.09.04"]
[SourceVersion "1"]
[SourceVersionDate "2003.09.04"]
[SourceQuality "1"]

1. d4 Nf6 2. Nf3 e6 3. c4 b6 4. a3 Bb7 5. Nc3 Be7 6. d5 exd5 7. cxd5 0-0 8. g3 Re8 9. Bg2 Bf8 10. 0-0 h6 11. Nd4 a6 12. e4 c5 13. Nf5 b5 14. Re1 d6 15. Bf4 Qc7 16. Rc1 Nbd7 17. b4 Kh7 18. a4 g6 19. bxc5 Nxc5 20. Nd4 b4 21. Na2 Qb6 22. Rb1 a5 23. f3 Nxa4 24. Qxa4 Qxd4+ 25. Be3 Qe5 26. Bf4 Qe7 27. Bf1 Ba6 28. Bxa6 Qa7+ 29. Be3 Qxa6 30. Ra1 Reb8 31. Nc1 Bg7 32. Nb3 Qb5 33. Qxb5 Rxb5 34. Nd4 Rb7 35. Ra4 Nd7 36. Nb3 Rb5 37. Rc1 Bc3 0-1